| 000 | 00529nam a2200181 i 4500 | ||
|---|---|---|---|
| 001 | 84039 | ||
| 003 | ES-MaACL | ||
| 005 | 20250902080711.0 | ||
| 007 | t| | ||
| 008 | 041119s1965 sp a |||| | spa d | ||
| 100 | 1 |
_aIvars Moreno, Antonio. _965662 |
|
| 245 | 1 | 0 |
_aPráctica de la organización de empresas / _cAntonio Ivars Moreno. |
| 260 |
_aMadrid : _bRialp, _c[1965] |
||
| 300 |
_a172 p. : _bil. ; _c19 cm. |
||
| 650 | 7 |
_aOrganización de la empresa _2embne _912228 |
|
| 852 |
_aES-MaACL _jC-27222 |
||
| 999 |
_c84039 _d84039 |
||